000
00266nam a22000977a 4500
999
_c
10929
_d
10929
008
180409b ||||| |||| 00| 0 eng d
020
_a
9789380474410
100
_a
Kumar, Kartikey
_9
6738
245
_a
Computers in Everyday Life
260
_a
New Delhi
_b
Cordova Publication